| 000 | 00552nam a22001457a 4500 | ||
|---|---|---|---|
| 005 | 20230616160557.0 | ||
| 008 | 230425b xxu||||| |||| 00| 0 eng d | ||
| 082 |
_a690.802 _bJAG |
||
| 100 | _aJagadeesh Chandra B S | ||
| 245 |
_aಕನಸಿನ ಮನೆ _bKanasina Mane _cJagadeesh Chandra B S |
||
| 260 |
_aBelagavi _bPrasaranga, Visveswaraya Technological University ( VTU ) _c2021 |
||
| 300 | _a76p. | ||
| 440 | _aJanpriya Taantrika Shikshana Maale (ಜನಪ್ರಿಯ ತಾಂತ್ರಿಕ ಶಿಕ್ಷಣ ಮಾಲೆ) | ||
| 650 | _aGeneral | ||
| 999 |
_c11643 _d11643 |
||